00496nam a2200205Ia 4500003000900000008004100009040001300050040001300063041000800076100001700084100000900101245007800110250001200188260001800200260000900218300001100227300001000238490003500248490000700283IT-RoPAU120407s9999 xx 000 0 und d aIT-RoPAU cIT-RoPAU aita aErvino Pocar ccur. aIntroduzione a Kafka. Antologia di saggi critici. A cura di Ervino Pocar aMilano  aIl Saggiatore c1974 a275 p. c21 cm aDaggi di arte e di letteratura v31